| 000 -LEADER |
| fixed length control field |
01128nam a22001697a 4500 |
| 005 - DATE AND TIME OF LATEST TRANSACTION |
| control field |
20240326163856.0 |
| 008 - FIXED-LENGTH DATA ELEMENTS--GENERAL INFORMATION |
| fixed length control field |
240326c2021 ge ||||| |||| 00| 0 geo d |
| 022 ## - INTERNATIONAL STANDARD SERIAL NUMBER |
| International Standard Serial Number |
2720-829X |
| 041 ## - LANGUAGE CODE |
| Language code of text/sound track or separate title |
geo |
| 245 ## - TITLE STATEMENT |
| Title |
კლასიკური და თანამედროვე რიტორიკის მიმომხილველი = Classical and contemporary rhetoric review : |
| Remainder of title |
2021. სამეცნიერო ჟურნალი / |
| Statement of responsibility, etc. |
ა(ა)-იპ - კლასიკური და თანამედროვე რიტორიკის კვლევითი ცენტრი; მთავარი რედაქტორი დოქტ. ნათია კენჭიაშვილი. |
| 260 ## - PUBLICATION, DISTRIBUTION, ETC. |
| Place of publication, distribution, etc. |
თბილისი, |
| Date of publication, distribution, etc. |
2021. |
| 300 ## - PHYSICAL DESCRIPTION |
| Extent |
V. |
| 653 ## - INDEX TERM--UNCONTROLLED |
| Uncontrolled term |
კლასიკური და თანამედროვე რიტორიკის მიმომხილველი |
| 653 ## - INDEX TERM--UNCONTROLLED |
| Uncontrolled term |
პერიოდიკა |
| 700 ## - ADDED ENTRY--PERSONAL NAME |
| Personal name |
კენჭიაშვილი, ნათია |
| Relator term |
მთავარი რედაქტორი |
| 9 (RLIN) |
21523 |
| 942 ## - ADDED ENTRY ELEMENTS (KOHA) |
| Source of classification or shelving scheme |
|
| Koha item type |
პერიოდიკა |